Lengyel Vilma halálára
Elmentve itt :
| Szerző: | |
|---|---|
| Dokumentumtípus: | Cikk |
| Megjelent: |
1983-10-27
|
| Sorozat: | Délmagyarország
73 No. 254 |
| Kulcsszavak: | Lengyel Vilma |
| Online Access: | http://dmarchiv.bibl.u-szeged.hu/96856 |
| LEADER | 00439nab a2200157 i 4500 | ||
|---|---|---|---|
| 001 | delm96856 | ||
| 005 | 20190626093656.0 | ||
| 008 | 190626s1983 hu o 0|| hun d | ||
| 040 | |a SZTE Délmagyarország Archívum |b hun | ||
| 041 | |a hun | ||
| 100 | 1 | |a Apró Ferenc | |
| 245 | 1 | 0 | |a Lengyel Vilma halálára |h [elektronikus dokumentum] / |c Apró Ferenc |
| 260 | |c 1983-10-27 | ||
| 300 | |a 5 | ||
| 490 | 0 | |a Délmagyarország |v 73 No. 254 | |
| 695 | |a Lengyel Vilma | ||